000
00215nam a2200097Ia 4500
008
220204s9999 xx 000 0 und d
082
_a
82-3
_b
JOE
245
0
_a
Hit 29
260
_a
New York
_b
Pocket
_c
1975
942
_c
BK
999
_c
29346
_d
29346